Mental health and emotional intelligence : (Record no. 143890)

MARC details
000 -LEADER
fixed length control field 00631nam a22001937a 4500
005 - DATE AND TIME OF LATEST TRANSACTION
control field 20230410112859.0
010 ## - LCCN (DPL NO)
LC control number ENG-120194
020 ## - INTERNATIONAL STANDARD BOOK NUMBER
Terms of availability 250.00
035 ## - SYSTEM CONTROL NUMBER
System control number EN-103726
037 ## - SOURCE OF ACQUISITION
Source of stock number/acquisition DBAD/PUB
082 ## - DEWEY DECIMAL CLASSIFICATION NUMBER
Classification number 616.14
100 ## - MAIN ENTRY--PERSONAL NAME
Personal name Pachaiyappan, P
245 ## - TITLE STATEMENT
Title Mental health and emotional intelligence :
Statement of responsibility, etc by P. Pachaiyappan
Remainder of title Among arts and science college students /
260 ## - PUBLICATION, DISTRIBUTION, ETC. (IMPRINT)
Place of publication, distribution, etc Madurai
Name of publisher, distributor, etc Shanlax Publications
Date of publication, distribution, etc 2011
270 ## - ADDRESS
Address 61, 66 T.P.K Main Road Vasantha Nagar
City Madurai
Postal code 625003
300 ## - PHYSICAL DESCRIPTION
Extent 92p. :
Dimensions 21cm(pbk)
Other physical details ill
500 ## - GENERAL NOTE
General note Includes bibliographical
942 ## - ADDED ENTRY ELEMENTS (KOHA)
Source of classification or shelving scheme Dewey Decimal Classification
Item type English Books
Classification part 616.14
Call number suffix PAC
Holdings
Withdrawn status Lost status Not for loan Collection code Home library Current library Date acquired Source of acquisition Cost, normal purchase price Full call number Barcode Copy number Cost, replacement price Koha item type
      Non-fiction Central Jail Tihar Central Jail Tihar 29/08/2017 DBAD/PUB 250.00 373.73 SCH EN-103726 1 250.00 English Books

© Delhi Public Library
Hit Counter
free hit counter